Statistiques concernant Culture Générale - Série 1778

Cliquez ici pour prendre le quiz!

Statistiques générales

  • Ce quiz a été pris 192 fois
  • Le résultat moyen est 5 sur 10

Statistiques - réponses

QuestionRéponse% Correct
De quel roi la marquise de Pompadour était-elle la maîtresse ?Louis XV
92%
De quel pays est originaire le chien sharpei ?Chine
81%
Quel roi de France est communément appelé "Saint Louis" ?Louis IX
73%
Sous quel nom connait-on mieux l'oiseau originaire de l'île Maurice appelé dronte ?dodo
66%
La révolutionnaire française, auteur de la "Déclaration des droits de la femme et de la citoyenne" s'appelait : Olympe de ....Gouges
56%
Quelle est la capitale du Timor Oriental ?Dili
50%
On doit les paroles du « chant des partisans » à Joseph Kessel et à Maurice …Druon
38%
Quelle grande aviatrice française, prénommée Hélène, meurt tragiquement à 26 ans dans un accident ?Boucher
28%
Quelle était la profession du père de Margareth Thatcher ?épicier
11%
Sous quel nom de plume connait-on Louis-Marie-Julien Viaud (1850-1923) ?Pierre Loti
8%

Distribution des résultats

Percentile par nombre de réponses

% des personnes avec chaque résultat

Votre développement - résultats

Vous n’avez pas pris ce quiz